000 00696nam a22002297a 4500
003 OSt
005 20140911150717.0
008 140911b xxu||||| |||| 00| 0 eng d
020 _a0333687140
040 _c040a
082 _220
_a337.1
_bNEW 2000
245 _aThe new regionalism and the future of security and development /
_cBjorn Hettne, Andras Inotal, Osvaldo Sunkel
260 _aLondon
_bMacmillan press
_c2000
300 _axxxviii, 313p ;
_c10 cm.
440 _aThe new regionalism series
_91037
504 _aincludes index
650 _aDevelopment
_9612
700 _aHettne, Bjorn
_91038
700 _aSunkel, Osvaldo
_91039
700 _aInotal, Andras
_91040
942 _2ddc
_cSLOAN
999 _c394
_d394